MLA Handbook / (رقم التسجيلة. 40356)

تفاصيل مارك
000 -الفاتح
حقل البيانات ثابتة الطول 01466cam a2200337 i 4500
001 - رقم الضبط
رقم الضبط 18874823
003 - محدد رقم الضبط
رقم الضبط OSt
005 - وقت وتاريخ اخر تعامل مع التسجيلة
رقم الضبط 20170803172730.0
008 - عناصر البيانات ثابتة الطول - معلومات عامة
حقل البيانات ثابتة الطول 151130s2016 nyua b 001 0 eng
010 ## - رقم ضبط مكتبة الكونجرس
رقم ضبط مكتبة الكونجرس 2015040898
020 ## - الرقم الدولى المعيارى للكتب
الرقم الدولى المعيارى للكتاب 9781603292627 (softcover)
020 ## - الرقم الدولى المعيارى للكتب
الرقم الدولى المعيارى للكتاب الملغى /الخاطئ 9781603292641 (EPUB)
020 ## - الرقم الدولى المعيارى للكتب
الرقم الدولى المعيارى للكتاب الملغى /الخاطئ 9781603292658 (Kindle)
040 ## - مصدر الفهرسة
وكالة الفهرسة الأصلية DLC
لغة الفهرسة eng
وكالة النسخ DLC
قواعد الوصف rda
وكالة التعديل DLC
042 ## - رمز التحقق
رمز التحقق pcc
050 00 - رقم طلب مكتبة الكونجرس
رقم التصنيف LB2369
رقم المادة .M52 2016
082 00 - رقم تصنيف ديوى العشرى
رقم التصنيف 808.027
رقم الطبعة 23
رقم المادة MLH
130 0# - المدخل الرئيسى - عنوان موحد
عنوان موحد MLA handbook for writers of research papers.
9 (RLIN) 58278
245 10 - بيان العنوان
العنوان MLA Handbook /
بيان المسئوليه,etc Association of America, Modern Language.
250 ## - بيان الطبعة
بيان الطبعة Eighth edition.
300 ## - الوصف المادى
التعداد xiv, 146 pages :
تفاصيل ماديه اخرى للوعاء illustrations ;
أبعاد الوعاء 23 cm
500 ## - تبصرة عامة
تبصرة عامة Previous title: MLA handbook for writers of research papers.
504 ## - تبصرة ببليوجرافية
تبصرة ببليوجرافية,الخ Includes bibliographical references and index.
650 #0 - المدخل الاضافى بالموضوع-مصطلح موضوعى
مصطلح موضوعي أو اسم جغرافي كعنصر مدخل Report writing
التقسيم الفرعي الشكلي Handbooks, manuals, etc.
9 (RLIN) 4073
650 #0 - المدخل الاضافى بالموضوع-مصطلح موضوعى
مصطلح موضوعي أو اسم جغرافي كعنصر مدخل Research
التقسيم الفرعي الشكلي Handbooks, manuals, etc.
9 (RLIN) 49585
710 2# - المدخل الاضافى - اسم هيئه
اسم الهيئة أو اسم السلطة كمدخل Modern Language Association of America.
9 (RLIN) 38521
776 08 - مدخل الشكل المادى الاضافى
نص العرض Online version:
العنوان MLA Handbook
الطبعة Eighth edition.
الناشر و مكان و تاريخ النشر New York : The Modern Language Association of America, [2016]
الرقم الدولى المعيارى للكتاب 9781603292641
رقم ضبط التسجيلة (DLC) 2015047757
906 ## - عنصر بيانات محلى F, LDF (RLIN)
a 7
b cbc
c orignew
d 1
e ecip
f 20
g y-gencatlg
942 ## - عناصر المدخل الإضافي( كوها)
مصدر التصنيف او مخطط الترفيف Dewey Decimal Classification
Koha [default] item type كتاب
المقتنيات
حالة الفقد نموذج السعر الفعال حالة تلف ليس للاعارة رقم الطلب تاريخ الاكتساب الموقع الحالي الباركود الفرع الرئيسي Date last seen نوع المادة فى نظام كوها مصدر التصنيف او خطة الترفيف Total Checkouts Total Renewals Date last checked out
  2017-08-03     808.027 MLH 2017-08-03 المكتبة المركزية بالمجمعة (CL) 00655944 المكتبة المركزية بالمجمعة (CL) 2017-08-03 كتاب Dewey Decimal Classification      
  2017-08-03     808.027 MLH 2017-08-03 المكتبة المركزية بالمجمعة (CL) 00655945 المكتبة المركزية بالمجمعة (CL) 2017-08-03 كتاب Dewey Decimal Classification      
  2017-08-03     808.027 MLH 2017-08-03 المكتبة المركزية بالمجمعة (CL) 00655946 المكتبة المركزية بالمجمعة (CL) 2017-08-03 كتاب Dewey Decimal Classification      
  2017-08-04     808.027 MLH 2017-08-04 قسم الاجراءات الفنية (IC) 00656465 قسم الاجراءات الفنية (IC) 2017-08-04 كتاب Dewey Decimal Classification      
  2017-08-04     808.027 MLH 2017-08-04 قسم الاجراءات الفنية (IC) 00656466 قسم الاجراءات الفنية (IC) 2017-08-04 كتاب Dewey Decimal Classification      
  2017-08-04     808.027 MLH 2017-08-04 كلية الشريعة والقانون - طالبات 00656463 كلية الشريعة والقانون - طالبات 2022-12-04 كتاب Dewey Decimal Classification 2 1 2021-10-19
  2017-08-04     808.027 MLH 2017-08-04 كلية الشريعة والقانون - طالبات 00656464 كلية الشريعة والقانون - طالبات 2017-08-04 كتاب Dewey Decimal Classification